000 00482ntaaa2200193 4500
003 01
005 20251027202739.0
008 0714s1973 ag 01
040 _aAR-BaBN
_bspa
_cAR-BaBN
_eaacr
_dRIC
082 _a745.5100 W64p
100 _aWilhelm, F
_927495
245 _aPara tornear madera
250 _a1 ed.
260 _aBuenos Aires :
_bEditorial Kapelusz,
_cc1971
300 _a87 p
500 _aTrabajos manuales
650 _amanualidades-madera
_927496
942 _cBK
999 _c22721
_d22721